|
|
|
|
| LEADER |
00000nam0a2200000 4500 |
| 001 |
50389 |
| 005 |
20231031033002.0 |
| 035 |
|
|
|a (RuTPU)RU\TPU\book\52769
|
| 090 |
|
|
|a 50389
|
| 100 |
|
|
|a 20030415d1984 k y0rusy50 ca
|
| 101 |
0 |
|
|a rus
|
| 102 |
|
|
|a RU
|
| 105 |
|
|
|a a z 001zy
|
| 200 |
1 |
|
|a Вторичное гамма-излучение в радиационной защите
|f Под ред. А. А. Дубинина
|
| 210 |
|
|
|a Москва
|c Энергоатомиздат
|d 1984
|
| 215 |
|
|
|a 177 с.
|c ил.
|
| 320 |
|
|
|a Библиогр.: с. 166-167
|
| 610 |
1 |
|
|a ядерные реакторы
|
| 610 |
1 |
|
|a защита
|
| 610 |
1 |
|
|a гамма-лучи
|
| 610 |
1 |
|
|a действие
|
| 610 |
1 |
|
|a квазиальбедо
|
| 675 |
|
|
|a 621.039.53
|v 3
|
| 702 |
|
1 |
|a Дубинин
|b А. А.
|g Анатолий Акимович
|4 340
|
| 801 |
|
1 |
|a RU
|b 63413507
|c 20030415
|g PSBO
|
| 801 |
|
2 |
|a RU
|b 63413507
|c 20220524
|g PSBO
|
| 942 |
|
|
|c BK
|